nimi ku suli - Statistics

General Stats
  • This quiz has been taken 65 times
  • The average score is 13 of 17
Answer Stats
Hint Answer % Correct
epic, awesome epiku
94%
monster, fear, scary monsuta
94%
eye, look oko
94%
interact with the Toki Pona Dictionary ku
87%
umm, uh n
87%
non-binary person, transgender tonsi
81%
procyonoid, musteloid kijetesantakalu
77%
spice, extra, adornment namako
77%
additional, also kin
74%
divide, part, cut kipisi
74%
square, cube, block leko
74%
middle, average, medium meso
71%
mushroom, fungus soko
71%
medicine, cure misikeke
68%
to speak a language other than toki pona where toki pona would be more appropriate kokosila
61%
steal, seize, take lanpan
61%
reflect, opposite, reverse jasima
58%
No matching quizzes found
Score Distribution
Percent of People with Each Score
Percentile by Number Answered
Your Score History
You have not taken this quiz